Statystyki dla Kraje Australii (Oceanii)

Kliknij tutaj aby rozwiązać quiz!

Ogólne statystyki

  • Ten quiz został rozwiązany 764 razy
    (758 od ostatniego zresetowania)
  • Średni wynik to 10 z 16

Odpowiedzi na mapie

Odpowiedzi skodowane kolorowo w zielono-czerwonej skali na mapie do tego quizu, zgodnie z poniższymi procentami.
 

Statystyki odpowiedzi

Odpowiedź% Poprawnych
Australia
99%
Nowa Zelandia
93%
Papua Nowa-Gwinea
87%
Fidżi
74%
Wyspy Marshalla
72%
Wyspy Salomona
71%
Mikronezja
69%
Palau
64%
Kiribati
62%
Tuvalu
62%
Vanuatu
62%
Nauru
61%
Tonga
56%
Samoa
55%
Nowa Kaledonia
16%
Polinezja Francuska
16%

Rozkład punktacji

Percentyl według liczby udzielonych odpowiedzi

Procent ludzi z każdym wynikiem

Twoja historia wyników

Nie rozwiązałeś tego quizu od ostatniego zresetowania